[Event "Suedwestfalen Verbandsklasse 0001"]
[Site "Suedwestfalen"]
[Date "2001.01.21"]
[Round "5"]
[White "Heuser, Gerson"]
[Black "Bolte, Bruno"]
[Result "1-0"]
[WhiteElo "2028"]
[BlackElo "1831"]
[PlyCount "43"]
[EventDate "2000.09.17"]
[EventType "team"]
[EventRounds "9"]
[EventCountry "GER"]
[SourceTitle "EXT 2007"]
[Source "ChessBase"]
[SourceDate "2006.11.23"]
[SourceVersion "1"]
[SourceVersionDate "2006.11.23"]
[SourceQuality "1"]
[WhiteTeam "Halver"]
[BlackTeam "Siegen II"]
[WhiteTeamCountry "GER"]
[BlackTeamCountry "GER"]

1. d4 Nf6 2. Nf3 g6 3. c4 Bg7 4. Nc3 0-0 5. Bg5 d6 6. e3 Bf5 7. Bd3 Bxd3 8. Qxd3 Nbd7 9. 0-0 e5 10. Rad1 c6 11. Qc2 Qc7 12. Rd2 Rac8 13. Rc1 Rfe8 14. dxe5 dxe5 15. Rcd1 Nc5 16. b4 Ne6 17. Bxf6 Bxf6 18. Ne4 Be7 19. c5 f6 20. Rd7 Qb8 21. Qb3 Bf8 22. Nxf6+ 1-0